| 000 | 00758nam a22002177a 4500 | ||
|---|---|---|---|
| 999 |
_c5660 _d5660 |
||
| 003 | AR-CdUCM | ||
| 008 | 190313b ||||| |||| 00| 0 spa d | ||
| 040 |
_aMUNICIPALIDAD PROVINCIAL DEL CUSCO _cBIBLIOTECA MUNICIPAL DEL CUSCO |
||
| 082 |
_a868.69 / _bV24 |
||
| 100 |
_aValle-Inclán, Ramón del _911511 |
||
| 245 |
_aSonata de primavera : _bMemorias del Marqués de Bradomín / |
||
| 260 |
_aMéxico : _bEditorial Porrúa _c1969. |
||
| 300 |
_a170 páginas ; _c21 cm. |
||
| 500 | _aDonación familia Luis Nieto | ||
| 505 | _aContenido: Sonata de primavera -- Sonata de estío -- Sonata de otoño -- Sonata de invierno. | ||
| 650 |
_aNovelas españolas _9584 |
||
| 650 |
_aSiglo XX _98 |
||
| 650 |
_aMemorias _9235 |
||
| 942 |
_2ddc _cLIBROS |
||
| 945 | _adavv | ||